Biblioteca y Centro de Documentación

Design for sustainable development (Registro nro. 8955)

Detalles MARC
000 -CABECERA
Longitud fija campo de control 01357nam a2200373 c 4500
001 - NÚMERO DE CONTROL
Número de control 8955
003 - IDENTIFICADOR DE NÚMERO DE CONTROL
Identificador del número de control ES-MaCES
005 - FECHA Y HORA DE LA ÚLTIMA TRANSACCIÓN
Fecha y hora de la última transacción 20180118122039.0
008 - CAMPO FIJO DE DESCRIPCIÓN FIJA--INFORMACIÓN GENERAL
Códigos de información de longitud fija   990531s1999 lu a o000 | eng d
020 ## - ISBN (INTERNATIONAL STANDARD BOOK NUMBER)
Número Internacional Normalizado para Libros (ISBN) 9282852679
035 ## - NÚMERO DE CONTROL DEL SISTEMA
Número de control del sistema CES19990008637m
040 ## - FUENTE DE CATALOGACIÓN
Centro catalogador de origen ES-MaCES
Lengua de catalogación spa
Centro transcriptor ES-MaCES
100 1# - ENCABEZAMIENTO PRINCIPAL--NOMBRE PERSONAL
Nombre de persona Weenen, Hans van
9 (RLIN) 26184
245 10 - MENCIÓN DE TÍTULO
Título Design for sustainable development
Resto del título : practical examples of SMEs
Mención de responsabilidad, etc. Hans van Weenen ; European Foundation fo the Improvement of Living and Working Conditions
260 ## - PUBLICACIÓN, DISTRIBUCIÓN, ETC (PIE DE IMPRENTA)
Lugar de publicación, distribución, etc. Luxembourg
Nombre del editor, distribuidor, etc. Office for Official Publications of the European Communities
Fecha de publicación, distribución, etc. 1999
300 ## - DESCRIPCIÓN FÍSICA
Extensión XI, 102 p.
Otras características físicas il.
Dimensiones 30 cm
500 ## - NOTA GENERAL
Nota general Dir. de E-mail: postmaster@eurofound.ie
500 ## - NOTA GENERAL
Nota general Dir. de Internet: http://www.eurofound.ie/
504 ## - NOTA DE BIBLIOGRAFÍA, ETC.
Nota de bibliografía, etc. Bibliografía: p. 93-102
541 ## - NOTA DE LA FUENTE INMEDIANTE DE ADQUISICIÓN
Forma de adquisición Gratuito
650 #4 - ASIENTO SECUNDARIO DE MATERIA--TÉRMINO DE MATERIA
Término de materia o nombre geográfico como elemento inicial desarrollo sostenible
9 (RLIN) 30785
650 #4 - ASIENTO SECUNDARIO DE MATERIA--TÉRMINO DE MATERIA
Término de materia o nombre geográfico como elemento inicial pequeña empresa
9 (RLIN) 30173
650 #4 - ASIENTO SECUNDARIO DE MATERIA--TÉRMINO DE MATERIA
Término de materia o nombre geográfico como elemento inicial producción
9 (RLIN) 28240
650 #4 - ASIENTO SECUNDARIO DE MATERIA--TÉRMINO DE MATERIA
Término de materia o nombre geográfico como elemento inicial consumo
9 (RLIN) 27907
650 #4 - ASIENTO SECUNDARIO DE MATERIA--TÉRMINO DE MATERIA
Término de materia o nombre geográfico como elemento inicial energía renovable
9 (RLIN) 30979
650 #4 - ASIENTO SECUNDARIO DE MATERIA--TÉRMINO DE MATERIA
Término de materia o nombre geográfico como elemento inicial plan de acción
9 (RLIN) 30406
650 #4 - ASIENTO SECUNDARIO DE MATERIA--TÉRMINO DE MATERIA
Término de materia o nombre geográfico como elemento inicial estudio de casos
9 (RLIN) 28846
653 10 - TÉRMINO DE INDEXACIÓN--NO CONTROLADO
Término no controlado Medio ambiente
650 #4 - ASIENTO SECUNDARIO DE MATERIA--TÉRMINO DE MATERIA
9 (RLIN) 30601
Término de materia o nombre geográfico como elemento inicial estrategia empresarial
710 2# - ENCABEZAMIENTO SECUNDARIO--NOMBRE CORPORATIVO
9 (RLIN) 3819
Nombre de entidad o nombre de jurisdicción como elemento inicial Fundación Europea para la Mejora de las Condiciones de Vida y de Trabajo
902 ## - CES. TIPO DE DOCUMENTO
Tipodoc (006$c Sirtex) LIB Libro
942 ## - ELEMENTOS KOHA
Fuente de clasificaión o esquema Clasificación propia del CES
Koha [por defecto] tipo de item Monografías
Parte de clasificación 4.2.
Existencias
Número de registro Signatura completa Tipo de item de Koha
030459 SG-4.2.-138 Monografías
© CES, Consejo Económico y Social de España 2021